BIBLIOTECA PODER JUDICIAL
Portal Judicial TDF

Tensiones actuales entre el derecho de daños, la tutela del consumidor y la autonomía progresiva de NNA / (Registro nro. 6251)

000 -LEADER
fixed length control field 01448nab a22002537a 4500
003 - CONTROL NUMBER IDENTIFIER
control field OSt
005 - DATE AND TIME OF LATEST TRANSACTION
control field 20260127222400.0
008 - FIXED-LENGTH DATA ELEMENTS--GENERAL INFORMATION
fixed length control field 190514b xxu||||| |||| 00| 0 spa d
040 ## - CATALOGING SOURCE
Transcribing agency PJ
100 ## - MAIN ENTRY--PERSONAL NAME
9 (RLIN) 6962
Personal name Cinollo, Oscar Agustín
245 10 - TITLE STATEMENT
Title Tensiones actuales entre el derecho de daños, la tutela del consumidor y la autonomía progresiva de NNA /
Statement of responsibility, etc Oscar Agustín Cinollo.
300 ## - PHYSICAL DESCRIPTION
Extent p. 156-164
500 ## - GENERAL NOTE
General note Cita: TR LALEY AR/DOC/2143/2025.
505 ## - FORMATTED CONTENTS NOTE
Formatted contents note Sumario: I. El caso y la sentencia traída a comentario.— II. Las prácticas deportivas riesgosas llevadas a cabo por niñas, niños o adolescentes.— III. La responsabilidad civil en las prácticas deportivas.— IV. La obligación de seguridad en el marco de la aplicación del derecho del consumo.— V. El deber de cuidado de los padres y la incidencia de la autonomía progresiva de los hijos.
505 ## - FORMATTED CONTENTS NOTE
Title Fallo comentado: CCiv., Com., y Minería, Bariloche ~ 09/04/2025 ~ A., D. J. c. Ski Club Bariloche s/ daños y perjuicios (ordinario).
650 #0 - SUBJECT ADDED ENTRY--TOPICAL TERM
9 (RLIN) 967
Topical term or geographic name as entry element DERECHO DE FAMILIA
650 #0 - SUBJECT ADDED ENTRY--TOPICAL TERM
9 (RLIN) 4950
Topical term or geographic name as entry element PRINCIPIO DE PROGRESIVIDAD
650 #0 - SUBJECT ADDED ENTRY--TOPICAL TERM
Topical term or geographic name as entry element DAÑOS Y PERJUICIOS
9 (RLIN) 2823
650 #0 - SUBJECT ADDED ENTRY--TOPICAL TERM
Topical term or geographic name as entry element ADOLESCENTES
9 (RLIN) 5662
650 #0 - SUBJECT ADDED ENTRY--TOPICAL TERM
Topical term or geographic name as entry element CONSUMIDOR
650 #0 - SUBJECT ADDED ENTRY--TOPICAL TERM
9 (RLIN) 1057
Topical term or geographic name as entry element JURISPRUDENCIA APLICABLE
773 0# - HOST ITEM ENTRY
Host Biblionumber 2844
Host Itemnumber 3222
Place, publisher, and date of publication Buenos Aires : AbeledoPerrot, 1989-
Title Derecho de familia. Revista Interdisciplinaria de doctrina y jurisprudencia. Octubre 2025-V.
International Standard Book Number 18511201
942 ## - ADDED ENTRY ELEMENTS (KOHA)
Source of classification or shelving scheme
Koha item type Analítica Artículo de Revista

No hay ítems disponibles.

12 de Octubre 789 Ushuaia - Tel:  54(02901)441571
Horario de Atención: 8.00 a 17.00 hs. 
bibliotecaush@justierradelfuego.gov.ar
koha@justierradelfuego.gov.ar
Seguinos en nuestras redes @bibliojustdf 

Con tecnología Koha